000
00302nam a2200109Ia 4500
008
200302s9999 xx 000 0 und d
100
_a
Thomas Fisher
245
_a
Ethics for Architects 50 Dilemmas of Professional Practice
260
_b
Princeton Architectural Press
260
_c
2010
300
_a
151 P.,
999
_c
2935
_d
2935